000 00552nam a2200229Ia 4500
003 OSt
005 20220918204209.0
006 a|||||r|||| 00| 0
007 ta
008 220917b |||||||| |||| 00| 0 eng d
024 _a111,412
037 _cTextual
040 _aARTS
_cARTS
_beng
041 _2eng
_aeng
082 _aV53:1:L9, K52
100 _aSydenhan M J
_9111031
245 0 _aFrench revolution
260 _c1965
650 _aHISTORY
942 _hV53:1:L9, K52
_cTEXL
_2CC
999 _c234761
_d234761